000 00703 a2200217 4500
999 _c8380
_d8380
003 GBCCL
005 20241126110649.0
008 200224b ||||| |||| 00| 0 eng d
020 _a9788172682354
040 _cgbc
082 _a954
_bWHE
100 _aWheeler, James Talboys
_914655
245 _aHistory of India and of the frontier states of Afghanistan, Nepal and Burma
260 _aNew Delhi :
_bLogos Press,
_c2013.
300 _a2 volumes (xiii, 744 pages) : color maps ([1] folded) ; 23 cm
505 _aReprint. originally published: 1899
650 _aIndia -- History.
_914656
650 _aAfghanistan -- History.
_914657
650 _aNepal -- History.
_914658
942 _2ddc
_cBK